| 000 | 00414nam a2200145Ia 4500 | ||
|---|---|---|---|
| 008 | 211109s9999||||xx |||||||||||||| ||und|| | ||
| 082 |
_a894.8123 _bRAM-P |
||
| 100 | _aRamakrishnan, Malayattor | ||
| 245 | 0 | _aPonni | |
| 260 |
_bNBC _aKottayam _c1966 |
||
| 300 | _a317 | ||
| 630 | _xGeneral Stack | ||
| 650 |
_aMalayalam Literature _vMalayalam FictionMalayalam NovelMalayalam Shot Stories _xMalayalam |
||
| 942 | _cBOOK | ||
| 999 |
_c30166 _d30166 |
||